| 000 | 00515nam a2200169Ia 4500 | ||
|---|---|---|---|
| 008 | 131107t2011 xxu||||| |||| 00| 0 sin d | ||
| 041 | _asin | ||
| 080 |
_aX8S1 _bEDI |
||
| 100 | _aEdirisinghe,Sujith Chaminda | ||
| 245 | _aපින් බිමක අවි දැරූ පන්හිදක විසිතුරු | ||
| 246 | _aPin Bimaka Avi Daruu Panhidaka Visituru | ||
| 260 |
_bAuthor _aS.I. _c2011 |
||
| 300 | _b88p., 21 cm | ||
| 942 | _cBK | ||
| 999 |
_c75779 _d75779 |
||
| 003 | LK-CoDNM | ||
| 040 |
_aLK-CoDNM _dLK-CoDNM _eLK-CoDNM |
||